Wszyscy Polacy grający za granicą - Statystyki

Ogólne statystyki
  • Ten quiz został rozwiązany 31 razy
  • Średni wynik to 41 z 100
Statystyki odpowiedzi
Klub Zawodnik % Poprawnych
Barcelona Robert Lewandowski
100%
Juventus Wojciech Szczęsny
96%
Juventus Arkadiusz Milik
85%
Aston Villa Matty Cash
85%
Napoli Piotr Zieliński
85%
Arsenal Jakub Kiwior
81%
Southampton Jan Bednarek
81%
Basaksehir Krzysztof Piątek
81%
Bologna Łukasz Skorupski
81%
Roma Nicola Zalewski
81%
Wolfsburg Jakub Kamiński
77%
Ludogorets Jakub Piotrowski
77%
Granada Kamil Jóźwiak
77%
Granada Kamil Piątkowski
77%
Nice Marcin Bułka
77%
Schalke 04 Marcin Kamiński
77%
Lens Przemysław Frankowski
77%
AEK Ateny Damian Szymański
73%
Abha Grzegorz Krychowiak
73%
Brighton Jakub Moder
73%
Kopenhaga Kamil Grabara
73%
Fenerbahce Sebastian Szymański
73%
Hellas Verona Karol Świderski
69%
Monaco Radosław Majecki
69%
Antalyaspor Adam Buksa
65%
Tirol Aleksander Buksa
65%
Empoli Bartosz Bereszyński
65%
Werder Brema Dawid Kownacki
65%
Vitesse Kacper Kozłowski
65%
Torino Karol Linetty
65%
Club Brugge Michał Skóraś
65%
Hellas Verona Paweł Dawidowicz
65%
Kaiserslautern Tymoteusz Puchacz
65%
Sturm Graz Szymon Włodarczyk
62%
Atlanta United Bartosz Slisz
58%
Omonia Mariusz Stępiński
58%
Heerenven Paweł Bochniewicz
58%
Empoli Szymon Żurkowski
58%
Bologna Kacper Urbański
54%
Hertha Berlin Michał Karbownik
54%
Augsburg Robert Gumny
54%
Empoli Sebastian Walukiewicz
54%
DC United Mateusz Klich
50%
Spezia Arkadiusz Reca
46%
Panathinaikos Bartłomiej Drągowski
46%
SPAL Patryk Peda
46%
PAOK Tomasz Kędziora
46%
Borussia Dortmund Marcel Lotka
42%
LAFC Mateusz Bogusz
38%
Huddersfield Michał Helik
38%
Swansea Przemysław Płacheta
38%
Liverpool Mateusz Musiałowski
35%
Rio Ave Cezary Miszta
31%
Aris Karol Struski
31%
Young Boys Łukasz Łakomy
31%
Valencia* Yarek Gasiorowski
31%
St. Pauli Adam Dźwigała
27%
Parma Adrian Benedyczak
27%
Furth Damian Michalski
27%
Hamburger SV Łukasz Poręba
27%
Spezia Filip Jagiełło
23%
Bohemians Filip Piszczek
23%
Antalyaspor Jakub Kałuziński
23%
Liverpool Fabian Mrozek
19%
Konyaspor Jakub Słowik
19%
Zhenis Krystian Nowak
19%
Arbroath Maksymilian Boruc
19%
Goztepe Mateusz Lis
19%
Bordeaux Rafał Strączek
19%
Ohod Konrad Michalak
15%
Lecco Marcin Listkowski
15%
Wellington Oskar Zawada
15%
Achnas Patryk Lipski
15%
Leiria Paweł Kieszek
15%
Phoenix Rising Dariusz Formella
12%
Dusseldorf Dennis Jastrzembski
12%
Macarthur Filip Kurto
12%
Ternana Jakub Łabojko
12%
Den Bosch Kacper Kostorz
12%
Dusseldorf Karol Niemczycki
12%
Milan Mateusz Skoczylas
12%
Aris Miłosz Matysik
12%
Emmen Piotr Parzyszek
12%
Kisvarda Rafał Makowski
12%
Puskas Academy Wojciech Golla
12%
TNS Adrian Cieślewicz
8%
Dordrecht Bartłomiej Smolarczyk
8%
Chrudzim Bartosz Pikul
8%
Milan Dariusz Stelmach
8%
Den Bosch Jakub Ojrzyński
8%
Waterford Kacper Radkowski
8%
Dunajska Streda Konrad Gruszkowski
8%
Persija Jakarta Maciej Gajos
8%
Othellos Athienou Mateusz Taudul
8%
Corum Michał Nalepa
8%
Reggiana Przemysław Szymiński
8%
Ternana Jan Żuberek
4%
Raith Maciej Kevin Dąbrowski
4%
Birkirkara Marcel Zapytowski
4%
Bohemians Kacper Chorążka
0%
Nie znaleziono quizów pasujących do podanych kryteriów
Rozkład punktacji
Procent ludzi z każdym wynikiem
Percentyl według liczby udzielonych odpowiedzi
Twoja historia wyników
Nie rozwiązałeś tego quizu